000 00660nam a22002417a 4500
003 UA-OsUOA
001 28003
007 ta
008 20040917b un ||||| |||| 00| 0 ukr d
090 _a323(477)
_bП49
942 _cBK
040 _aUA-OsUOA
_bukr
_cUA-OsUOA
_dUA-OsUOA
245 _aПолітична реформа в Україні: ключові питання і суперечності
_bМатеріали "Круглого столу"
300 _a64 с.
955 _a0
041 _aukr
080 _a323(477)
020 _a966-554-052-1
260 _aКиїв
_bНІСД
_c2003
044 _aUA
650 7 _2UDC
999 _c314356
_d314356